000 00919naa a2200241 4500
005 20090613153316.0
008 080827t xxu||||| |||| 00| 0beng d
010 _aENG-93978
020 _a8126023775
_c100.00
035 _aEN-77511
037 _bDBAD / PUB
040 _adpl
_bEnglish
082 _a792.092
100 _aPillai, Abhilash
245 _aC.N. Sreekantan Nair:
_cby Abhilash Pillai
_b(vision & mission of a theatre activist) /
260 _aNew Delhi
_bSahitya Akademi
_c2007
270 _aRabindra Bhavan, 35, Ferozeshah Road,
_bNew Delhi
_e110 001
300 _a232p.
_c20cm(pbk)
500 _aIncludes references
600 _aNair, C.N. Sreekantan
_xBiography
942 _adpl
_cEN
_2ddc
_mPIL
_h792.092
999 _c27429
_d27429